[Event "URU-chT3"]
[Site "Montevideo"]
[Date "2023.07.23"]
[Round "4.1"]
[White "Ramos, Matias"]
[Black "Sosa, Liber"]
[Result "1/2-1/2"]
[WhiteElo "1745"]
[BlackElo "1731"]
[PlyCount "75"]
[EventDate "2023.07.21"]
[EventType "swiss"]
[EventRounds "5"]
[EventCountry "URU"]
[SourceTitle "EXT 2024"]
[Source "ChessBase"]
[SourceDate "2023.10.10"]
[SourceVersion "1"]
[SourceVersionDate "2023.10.10"]
[SourceQuality "1"]
[WhiteTeam "Trebejos Tablejos"]
[BlackTeam "Zwischenzug"]
[WhiteTeamCountry "URU"]
[BlackTeamCountry "URU"]

1. e4 e5 2. Nf3 Nc6 3. d4 exd4 4. Nxd4 Bc5 5. Nxc6 Qf6 6. Qf3 Qxf3 7. gxf3 dxc6 8. Be3 Bxe3 9. fxe3 Be6 10. Nd2 0-0-0 11. 0-0-0 Ne7 12. Bc4 Bxc4 13. Nxc4 Ng6 14. Rhg1 Rhe8 15. Rxd8+ Kxd8 16. Nd2 Ke7 17. Kd1 Rd8 18. Ke2 f6 19. f4 Kf7 20. Nf3 Re8 21. Kd3 Rd8+ 22. Ke2 Re8 23. Kd3 c5 24. c4 c6 25. a4 b6 26. Ra1 a6 27. Rc1 Rd8+ 28. Ke2 Re8 29. Kd3 Re7 30. Rc3 Ke8 31. a5 Rd7+ 32. Kc2 bxa5 33. Ra3 Re7 34. Rxa5 Rxe4 35. Kd3 Re7 36. Rxa6 Rd7+ 37. Kc3 Re7 38. Kd3 1/2-1/2

[Event "URU-chT3"]
[Site "Montevideo"]
[Date "2023.07.21"]
[Round "1.1"]
[White "Sosa, Liber"]
[Black "Urbaez Capote, Antonio Jose"]
[Result "1-0"]
[WhiteElo "1731"]
[BlackElo "1967"]
[PlyCount "73"]
[EventDate "2023.07.21"]
[EventType "swiss"]
[EventRounds "5"]
[EventCountry "URU"]
[SourceTitle "EXT 2024"]
[Source "ChessBase"]
[SourceDate "2023.10.10"]
[SourceVersion "1"]
[SourceVersionDate "2023.10.10"]
[SourceQuality "1"]
[WhiteTeam "Zwischenzug"]
[BlackTeam "Progreso"]
[WhiteTeamCountry "URU"]
[BlackTeamCountry "URU"]

1. e4 c5 2. Nf3 Nc6 3. Bb5 g6 4. 0-0 Bg7 5. Bxc6 dxc6 6. d3 Bg4 7. h3 Bxf3 8. Qxf3 e6 9. c3 Ne7 10. Rd1 0-0 11. Be3 b6 12. a4 a5 13. Na3 e5 14. Nc2 Qc7 15. Rac1 Rac8 16. b4 cxb4 17. cxb4 axb4 18. Nxb4 Ra8 19. Nd5 Nxd5 20. exd5 c5 21. Rc4 Qd7 22. Rb1 Rfb8 23. a5 bxa5 24. Rxb8+ Rxb8 25. Rxc5 Rb1+ 26. Kh2 a4 27. Ra5 h5 28. Ra8+ Kh7 29. g4 h4 30. Qe4 f5 31. gxf5 Qxf5 32. Qxh4+ Qh5 33. Qd8 Rh1+ 34. Kxh1 Qxh3+ 35. Kg1 Qg4+ 36. Kh2 Qh5+ 37. Kg3 1-0

[Event "URU-chT Interclubes Serie B"]
[Site "Montevideo"]
[Date "2016.09.24"]
[Round "3.42"]
[White "Sosa, Liber"]
[Black "Appoloni, Facundo Jose"]
[Result "1-0"]
[WhiteElo "1733"]
[BlackElo "1649"]
[PlyCount "113"]
[EventDate "2016.09.23"]
[EventType "swiss"]
[EventRounds "5"]
[EventCountry "URU"]
[SourceTitle "EXT 2024"]
[Source "ChessBase"]
[SourceDate "2023.10.10"]
[SourceVersion "1"]
[SourceVersionDate "2023.10.10"]
[SourceQuality "1"]

1. e4 e5 2. Nf3 Nc6 3. Bb5 a6 4. Ba4 b5 5. Bb3 Na5 6. Nxe5 Nxb3 7. axb3 Qe7 8. Nf3 Qxe4+ 9. Qe2 Qxe2+ 10. Kxe2 Bb7 11. Nc3 f6 12. Re1 0-0-0 13. d3 Ne7 14. Bf4 Nf5 15. Kf1 Bxf3 16. gxf3 Kb7 17. Ra2 Bc5 18. Rea1 Ra8 19. Nd5 Bd6 20. Bxd6 Nxd6 21. Nb4 Nf5 22. Nxa6 d6 23. Nb4 Rxa2 24. Rxa2 c5 25. Nd5 Nd4 26. Ne3 Nxf3 27. Kg2 Nd4 28. Ra5 Ra8 29. Rxa8 Kxa8 30. c3 Nxb3 31. Nf5 Nc1 32. d4 Nb3 33. dxc5 dxc5 34. Nxg7 Kb7 35. Ne8 c4 36. Nxf6 Nc1 37. Nxh7 Nd3 38. Nf6 Kc6 39. h4 Kd6 40. Kf3 Nxb2 41. Ke2 Na4 42. Kd2 Nc5 43. f3 Ke5 44. Ng4+ Kf4 45. h5 Kg5 46. h6 Kg6 47. Ke3 Ne6 48. f4 Nf8 49. Ke4 Nd7 50. f5+ Kh7 51. f6 Kg8 52. Kd5 Kh7 53. Ke6 b4 54. Kxd7 b3 55. f7 b2 56. f8Q Kg6 57. Qf6+ 1-0

[Event "URU-ch Amateur"]
[Site "Colonia del Sacramento"]
[Date "2016.07.17"]
[Round "4.9"]
[White "Sosa, Liber"]
[Black "Escofet Fernandez, Jaime"]
[Result "0-1"]
[WhiteElo "1791"]
[BlackElo "2024"]
[PlyCount "56"]
[EventDate "2016.07.15"]
[EventType "swiss"]
[EventRounds "7"]
[EventCountry "URU"]
[SourceTitle "EXT 2024"]
[Source "ChessBase"]
[SourceDate "2023.10.10"]
[SourceVersion "1"]
[SourceVersionDate "2023.10.10"]
[SourceQuality "1"]

1. e4 c6 2. d4 d5 3. exd5 cxd5 4. c4 e6 5. Nc3 Nf6 6. Nf3 Be7 7. h3 0-0 8. Be3 Nc6 9. cxd5 Nxd5 10. Nxd5 Qxd5 11. a3 b6 12. Bd3 Bb7 13. Rc1 Rfd8 14. 0-0 Bf6 15. Bc4 Qd6 16. Bd3 Nxd4 17. Bxd4 Bxd4 18. Bxh7+ Kxh7 19. Ng5+ Kg8 20. Qh5 Rd7 21. Qh7+ Kf8 22. Qh8+ Ke7 23. Qh5 Rf8 24. Rcd1 Qd5 25. Qg4 f5 26. Qg3 f4 27. Qg4 Qf5 28. Qh5 Rh8 0-1